Crazy - Le sserafim - Statistics

General Stats
  • This quiz has been taken 279 times
  • The average score is 253 of 313
Answer Stats
Answer % Correct
an
96%
crazy
96%
Crazy
96%
like
96%
angel
95%
Act
92%
dress
92%
the
86%
Da,
85%
da
85%
Da
85%
da,
85%
girls
84%
All
82%
are
81%
and
79%
girling,
78%
girling
78%
girly
68%
bestie
66%
I'm
63%
Otaku
62%
in
58%
me
58%
Pikachu
56%
Back
54%
sassy
50%
super
49%
days
48%
you
47%
Galileo
43%
my
38%
Yeah
37%
Yeah,
37%
can't
36%
pumping
36%
stop
36%
Why
35%
CPR
31%
it's
31%
that
28%
kiss
26%
make
22%
mwah
20%
candy's
19%
No matching quizzes found
Score Distribution
Percent of People with Each Score
Percentile by Number Answered
Your Score History
You have not taken this quiz